A short history of Africa. (3rd ed.) (Record no. 80448)
[ view plain ]
| 000 -LEADER | |
|---|---|
| fixed length control field | 00910nam a2200205 a 4500 |
| 008 - FIXED-LENGTH DATA ELEMENTS--GENERAL INFORMATION | |
| fixed length control field | 120416s1970 ||||||||||||||||| || u |
| 020 ## - INTERNATIONAL STANDARD BOOK NUMBER | |
| International Standard Book Number | 0140410023 |
| 050 ## - LIBRARY OF CONGRESS CALL NUMBER | |
| Classification number | DT 20 Oli |
| 100 ## - MAIN ENTRY--PERSONAL NAME | |
| Personal name | Oliver, Roland |
| 245 12 - TITLE STATEMENT | |
| Title | A short history of Africa. (3rd ed.) |
| 250 ## - EDITION STATEMENT | |
| Edition statement | 3rd ed. |
| 260 ## - PUBLICATION, DISTRIBUTION, ETC. | |
| Place of publication, distribution, etc. | Harmondsworth: |
| Name of publisher, distributor, etc. | Penguin |
| Date of publication, distribution, etc. | 1970 |
| 300 ## - PHYSICAL DESCRIPTION | |
| Extent | 297p. : ill. |
| 350 ## - | |
| -- | 0.00 |
| 650 #7 - SUBJECT ADDED ENTRY--TOPICAL TERM | |
| Topical term or geographic name entry element | AFRICA |
| Source of heading or term | fast |
| 650 #0 - SUBJECT ADDED ENTRY--TOPICAL TERM | |
| Topical term or geographic name entry element | AFRICA--HISTORY |
| 995 ## - | |
| -- | MAIN LIBRARY OPEN ACCESS |
| -- | 0.00 |
| -- | 7181146 |
| -- | CBU-MAIN LIBRARY (Kitwe) |
| -- | 2 |
| -- | 10.10 |
| -- | DT 20 Oli |
| -- | 2 |
| -- | AVAILABLE |
| -- | 001356 |
| -- | Main Library Open Access Collection |
| 995 ## - | |
| -- | MAIN LIBRARY OPEN ACCESS |
| -- | 0.00 |
| -- | 718147 |
| -- | CBU-MAIN LIBRARY (Kitwe) |
| -- | 1 |
| -- | 10.10 |
| -- | DT 20 Oli |
| -- | 1 |
| -- | AVAILABLE |
| -- | 001358 |
| -- | Main Library Open Access Collection |
| 995 ## - | |
| -- | MAIN LIBRARY OPEN ACCESS |
| -- | 0.00 |
| -- | 718148 |
| -- | CBU-MAIN LIBRARY (Kitwe) |
| -- | 3 |
| -- | 10.10 |
| -- | DT 20 Oli |
| -- | 3 |
| -- | AVAILABLE |
| -- | 001357 |
| -- | Main Library Open Access Collection |
| 999 ## - | |
| -- | 80448 |
| -- | 80448 |
| Withdrawn status | Lost status | Source of classification or shelving scheme | Damaged status | Not for loan | Permanent Location | Current Location | Shelving location | Date acquired | Total Checkouts | Full call number | Barcode | Date last seen | Copy number | Price effective from | Koha item type |
|---|---|---|---|---|---|---|---|---|---|---|---|---|---|---|---|
| CBU-MAIN LIBRARY, KITWE. | CBU-MAIN LIBRARY, KITWE. | 06/29/2023 | DT 20 Oli | 001356 | 06/29/2023 | 1 | 06/29/2023 | MONOGRAPH | |||||||
| CBU-MAIN LIBRARY, KITWE. | CBU-MAIN LIBRARY, KITWE. | 06/29/2023 | DT 20 Oli | 001358 | 06/29/2023 | 2 | 06/29/2023 | MONOGRAPH | |||||||
| CBU-MAIN LIBRARY, KITWE. | CBU-MAIN LIBRARY, KITWE. | 06/29/2023 | DT 20 Oli | 001357 | 06/29/2023 | 3 | 06/29/2023 | MONOGRAPH |